Zelda Breath of the Wild-Les modules de la tablette Sheikah - Statistiques

Statistiques générales
  • Ce quiz a été pris 62 fois
  • Le résultat moyen est 4 sur 7
Statistiques - réponses
Modules de la tablette Sheikah % Correct
Cryonis
82%
Photo
82%
Cinetis
80%
Polaris
71%
Amiibo
56%
Bombes à distance
27%
Destrier de légende 0.1
24%
Aucun quiz correspondant
Distribution des résultats
% des personnes avec chaque résultat
Percentile par nombre de réponses
Votre historique - résultats
Vous n’avez pas pris ce quiz